Sociálne poistenie v Európskej únii. Belgicko

Systém sociálneho zabezpečenia v Belgicku. Systém sociálnej pomoci. Dôchodkové poistenie. Podmienky nároku na dôchodkové dávky. Starobný dôchodok.

Guardado en:
Detalles Bibliográficos
Autor principal: Pastorková, Lenka
Formato: Capítulo de libro
Lenguaje:eslovaco
Materias:
Etiquetas: Agregar Etiqueta
Sin Etiquetas, Sea el primero en etiquetar este registro!

MARC

LEADER 00000naa$a2200000$$$4500
001 0066735
005 20230925074719.0
041 0 |a slo 
044 |a SK 
245 1 0 |a Sociálne poistenie v Európskej únii. Belgicko  |c Lenka Pastorková 
520 |a Systém sociálneho zabezpečenia v Belgicku. Systém sociálnej pomoci. Dôchodkové poistenie. Podmienky nároku na dôchodkové dávky. Starobný dôchodok. 
610 2 0 |a poistenie dôchodkové 
610 2 0 |a poistenie sociálne 
610 2 0 |a Belgicko 
610 2 0 |a Európska únia 
100 1 |a Pastorková, Lenka